<?xml version="1.0" encoding="UTF-8"?>
<record
    xmlns:xsi="http://www.w3.org/2001/XMLSchema-instance"
    xsi:schemaLocation="http://www.loc.gov/MARC21/slim http://www.loc.gov/standards/marcxml/schema/MARC21slim.xsd"
    xmlns="http://www.loc.gov/MARC21/slim">

  <leader>00566nam a2200181   4500</leader>
  <controlfield tag="003">LK-CoMWRAF</controlfield>
  <controlfield tag="005">20240119213208.0</controlfield>
  <controlfield tag="008">230901b1995    |||||||| |||| 00| 0 eng d</controlfield>
  <datafield tag="040" ind1=" " ind2=" ">
    <subfield code="a">LK-CoMWRAF</subfield>
    <subfield code="d">LK-CoMWRAF</subfield>
    <subfield code="e">LK-CoMWRAF</subfield>
  </datafield>
  <datafield tag="041" ind1=" " ind2=" ">
    <subfield code="a">sin</subfield>
  </datafield>
  <datafield tag="082" ind1=" " ind2=" ">
    <subfield code="a">891.483</subfield>
    <subfield code="b">WET</subfield>
  </datafield>
  <datafield tag="100" ind1=" " ind2=" ">
    <subfield code="a">&#xDC0;&#xDD9;&#xDAD;&#xDCA;&#xDAD;&#xDC3;&#xDD2;&#xD82;&#xDC4;, &#xDC3;&#xDD2;&#xDB6;&#xDD2;&#xDBD;&#xDCA;</subfield>
    <subfield code="v">Weththasinghe, Sybil</subfield>
  </datafield>
  <datafield tag="245" ind1=" " ind2=" ">
    <subfield code="a">&#xDAF;&#xDDC;&#xDBB;&#xDDA; &#xDBA;&#xDAD;&#xDD4;&#xDBB;</subfield>
  </datafield>
  <datafield tag="246" ind1=" " ind2=" ">
    <subfield code="a">Doree yathura</subfield>
  </datafield>
  <datafield tag="260" ind1=" " ind2=" ">
    <subfield code="a">&#xD9A;&#xDDD;&#xDA7;&#xDCA;&#xDA7;&#xDDA; : </subfield>
    <subfield code="b">&#xDB8;&#xDCF;&#xDBB;&#xDCA; &#xD9C; &#xDB4;&#xDCA;&#x200D;&#xDBB;&#x200D;&#xDCF;&#xD9A;&#xDCF;&#xDC1;&#xDB1;, </subfield>
    <subfield code="c">1995</subfield>
  </datafield>
  <datafield tag="650" ind1=" " ind2=" ">
    <subfield code="a">&#xDC5;&#xDB8;&#xDCF; &#xD9A;&#xDAE;&#xDCF;</subfield>
  </datafield>
  <datafield tag="942" ind1=" " ind2=" ">
    <subfield code="c">BK</subfield>
  </datafield>
  <datafield tag="952" ind1=" " ind2=" ">
    <subfield code="0">0</subfield>
    <subfield code="1">0</subfield>
    <subfield code="4">0</subfield>
    <subfield code="7">0</subfield>
    <subfield code="a">MAIN</subfield>
    <subfield code="b">MAIN</subfield>
    <subfield code="d">2023-09-01</subfield>
    <subfield code="l">0</subfield>
    <subfield code="o">891.483 WET</subfield>
    <subfield code="p">RAF329</subfield>
    <subfield code="r">2023-09-01</subfield>
    <subfield code="w">2023-09-01</subfield>
    <subfield code="y">BK</subfield>
  </datafield>
  <datafield tag="999" ind1=" " ind2=" ">
    <subfield code="c">3355</subfield>
    <subfield code="d">3355</subfield>
  </datafield>
</record>
